00741cam a2200241 a 45000010009000000050017000090080041000260100017000670200018000840400018001020410008001200420008001280800010001360820018001461000007001641010008001712450080001795040053002599060045003129420012003579990017003699520113003861703970320180215030846.0111108s2013 nyua b 001 0 eng  a 2011045062 a9780199827428 aDLCcDLCdDLC aeng apcc a302.200a302.2 ADL2231 a48 aPSI10aInterplay :cRonald B. Adler, Lawrence B. Rosenfeld, Russell F. Proctor II. aIncludes bibliographical references and indexes. a7bcbccorignewd1eecipf20gy-gencatlg 2ddccBK c42542d42542 00102udc40708PËKGa002b002cPËKGd2018-02-15l0o302.2 ADLp002-2997332r2018-02-15w2018-02-15yBK